000 nam a22 7a 4500
999 _c8800
_d8800
008 180119b ||||| |||| 00| 0 eng d
100 _aNCERT
_95132
245 _aAccountancy -XII
260 _aNCERT
_bNew Delhi
_c2007